Skocznie dostępne w grze Ski Jumping World Cup - Statystyki

Ogólne statystyki
  • Ten quiz został rozwiązany 21 razy
  • Średni wynik to 19 z 24
Statystyki odpowiedzi
Państwo Skocznia/Miejscowość % Poprawnych
Polska Zakopane HS140
100%
Polska Zakopane HS140 [Noc]
100%
Słowenia Planica HS240
95%
Japonia Sapporo HS137
95%
Japonia Sapporo HS137 [Noc]
95%
Norwegia Vikersund HS240
95%
Austria Bad Mitterndorf HS235
89%
Szwecja Falun HS100
89%
Szwecja Falun HS134
89%
Włochy Predazzo HS106
89%
Włochy Predazzo HS135
89%
Szwajcaria Engelberg HS140
84%
Czechy Harrachov HS142
74%
Czechy Harrachov HS210
74%
Stany Zjednoczone Lake Placid HS100
74%
Stany Zjednoczone Lake Placid HS100 [Noc]
74%
Stany Zjednoczone Lake Placid HS128
74%
Stany Zjednoczone Lake Placid HS128 [Noc]
74%
Norwegia Lillehammer HS140
63%
Norwegia Lillehammer HS98
63%
Niemcy Oberstdorf HS235
53%
Niemcy Oberstdorf HS235 [Noc]
53%
Austria Bischofshofen HS142
42%
Austria Bischofshofen HS142 [Noc]
42%
Nie znaleziono quizów pasujących do podanych kryteriów
Rozkład punktacji
Procent ludzi z każdym wynikiem
Percentyl według liczby udzielonych odpowiedzi
Twoja historia wyników
Nie rozwiązałeś tego quizu